Potenciálne terapeutické účinky Ďumbiera lekárskeho
Uložené v:
| Hlavný autor: | |
|---|---|
| Ďalší autori: | |
| Médium: | Rukopis Kniha |
| Jazyk: | Slovak |
| Vydavateľské údaje: |
2016
|
| Predmet: | |
| On-line prístup: | http://is.stuba.sk/zp/portal_zp.pl?podrobnosti=101232 |
| Tagy: |
Žiadne tagy, Buďte prvý, kto otaguje tento záznam!
|
MARC
| LEADER | 00000ntm a22000003a 4500 | ||
|---|---|---|---|
| 001 | stuzp52742 | ||
| 003 | SK-STU | ||
| 005 | 20160719154251.1 | ||
| 007 | ta | ||
| 008 | 150427s2015----xo-----f-mn---000-0-slo-d | ||
| 040 | |a STU |b slo | ||
| 041 | 0 | |a slo | |
| 100 | 1 | |a Nováková, Dominika |u 043360 |k Z4 |4 aut |U FCHPT Ústav biochémie a mikrobiológie |T FCHPT Oddelenie výživy a hodnotenia potravín |X 60442 |U C3360 |Y 114 |7 60442 | |
| 242 | 0 | 1 | |a Potential therapeutic effects of Zingiber officinale |y eng |
| 245 | 1 | 0 | |a Potenciálne terapeutické účinky Ďumbiera lekárskeho |
| 260 | |c 2016 | ||
| 650 | 4 | |a zázvor |2 slo | |
| 650 | 4 | |a antioxidačná aktivita |2 slo | |
| 650 | 4 | |a antimikrobiálna aktivita |2 slo | |
| 650 | 4 | |a fenoly a flavonoidy |2 slo | |
| 650 | 4 | |a ginger |2 eng | |
| 650 | 4 | |a antioxidant activity |2 eng | |
| 650 | 4 | |a antimicrobial activity |2 eng | |
| 650 | 4 | |a phenols and flavonoids |2 eng | |
| 700 | 1 | |a Mošovská, Silvia |u 040270 |k Z2 |4 ths |U FCHPT Ústav potravinárstva a výživy |T FCHPT Oddelenie výživy a hodnotenia kvality potravín |X 25438 |U C0270 |Y 686 |7 A000025438 | |
| 856 | 4 | |u http://is.stuba.sk/zp/portal_zp.pl?podrobnosti=101232 | |
| SQL | |a stuzp52742 |b DBP |c SLO |d Potenciálne terapeutické účinky Ďumbiera lekárskeho |e 60442 |f Nováková, Dominika |g 043360 |h 25438 |i Mošovská, Silvia |j 20160712 |k 752 |l 04 |m http://is.stuba.sk/zp/portal_zp.pl?podrobnosti=101232 |n B-BIOPOT |o 5.2.25. biotechnológie | ||